000 00462nam a2200181Ia 4500
001 20201
005 20260306172748.0
008 260306t2019||||xx |||||||||||||| ||spa||
041 _aESP
082 _a343
_bC34
100 _aCastillo Córdova, Luis
_eAUT
245 0 _aEl derecho constitucional creado por el tribunal constitucional
260 _c2019
300 _a430 páginas :
_c25 cm.
650 _aGEN
654 _aCDE
942 _cLIB
_dJUS
_fJUS
_2ddc
_n
999 _c20201
_d20201